Statistics for What Comes Next? Easy Math Edition

Click here to take the quiz!

General Stats

  • This quiz has been taken 22 times
  • The average score is 7 of 12

Answer Stats

Previous NumbersCurrent Number% Correct
1,2,3,4,5,6,7,8,9,?10
100%
1,3,5,7,9,?11
100%
2,4,6,8,10,?12
100%
16,32,64,128,256,512,1024,?2048
84%
1,4,9,16,25,?36
79%
1,8,27,64,125,?216
63%
121,144,169,196,225,256,?289
63%
216,343,512,?729
32%
6,28,?496
21%
499,503,509,521,523,?541
21%
10648,12167,13824,15625,17576,?19683
11%
28,496,?8128
11%

Score Distribution

Percentile by Number Answered

Percent of People with Each Score

Your Score History

You have not taken this quiz